[Event "Oceania zt 3.6"]
[Site "Melbourne"]
[Date "2023.01.24"]
[Round "2"]
[White "Winkelman, Albert"]
[Black "Do, Aaron"]
[Result "1-0"]
[WhiteElo "2272"]
[BlackElo "1803"]
[PlyCount "45"]
[EventDate "2023.01.23"]
[EventType "swiss"]
[EventRounds "9"]
[EventCountry "AUS"]
[SourceTitle "CBM 212 Extra"]
[Source "ChessBase"]
[SourceDate "2023.03.31"]
[SourceVersion "1"]
[SourceVersionDate "2023.03.31"]
[SourceQuality "1"]

1. d4 d5 2. c4 c6 3. Nf3 Nf6 4. e3 e6 5. b3 Nbd7 6. Bb2 Bb4+ 7. Nbd2 0-0 8. Bd3 Re8 9. Qe2 Bd6 10. Ne5 Bc7 11. 0-0 dxc4 12. Ndxc4 Nxe5 13. dxe5 Nd5 14. Qh5 h6 15. Rad1 Qg5 16. Qh3 b5 17. Nd2 f5 18. exf6 Nxf6 19. Qf3 Rf8 20. Ne4 Nxe4 21. Qxe4 Rb8 22. Qh7+ Kf7 23. f4 1-0